000 00815am a2200301a 44500
003 AR-BaBNM
005 20251128211016.0
008 020620s1999 #AR|||||||||||000 | esp||
020 _a84-493-0800-3
040 _cAR-BaBNM
100 1 _aGrass, Günter
245 1 0 _aDiscurso de la pérdida
_bsobre el declinar de la cultura política en la Alemania unida
250 _a1ª ed.
260 _aMadrid
_bPaidós
_c1999
300 _a61 p.
490 0 _aPaidós Asterisco
500 _aContiene: notas en p.59
650 4 _aLITERATURA ALEMANA
650 4 _aRACISMO
650 4 _aDISCRIMINACION
650 4 _aIDENTIDAD NACIONAL
653 _aCRITICA SOCIAL
655 _aLITERATURA
700 1 _aMartín, Carlos
_etraductor
700 1 _aEngel, María
_etraductor
942 _cBK
998 _calicia
999 _c17864
_d17864